<?xml version="1.0" encoding="UTF-8"?>
<record
    xmlns:xsi="http://www.w3.org/2001/XMLSchema-instance"
    xsi:schemaLocation="http://www.loc.gov/MARC21/slim http://www.loc.gov/standards/marcxml/schema/MARC21slim.xsd"
    xmlns="http://www.loc.gov/MARC21/slim">

  <leader>02877cam a22004454a 4500</leader>
  <controlfield tag="001">16377719</controlfield>
  <controlfield tag="003">OSt</controlfield>
  <controlfield tag="005">20260429160114.0</controlfield>
  <controlfield tag="008">100805s2009    enka     b    001 0 eng  </controlfield>
  <datafield tag="010" ind1=" " ind2=" ">
    <subfield code="a">  2010481838</subfield>
  </datafield>
  <datafield tag="015" ind1=" " ind2=" ">
    <subfield code="a">GBA956536</subfield>
    <subfield code="2">bnb</subfield>
  </datafield>
  <datafield tag="015" ind1=" " ind2=" ">
    <subfield code="a">015-28625</subfield>
    <subfield code="2">bnb</subfield>
  </datafield>
  <datafield tag="015" ind1=" " ind2=" ">
    <subfield code="a">GBA-95653</subfield>
    <subfield code="2">bnb</subfield>
  </datafield>
  <datafield tag="016" ind1="7" ind2=" ">
    <subfield code="a">015286255</subfield>
    <subfield code="2">Uk</subfield>
  </datafield>
  <datafield tag="020" ind1=" " ind2=" ">
    <subfield code="a">9780714849331</subfield>
    <subfield code="q">hbk.</subfield>
  </datafield>
  <datafield tag="035" ind1=" " ind2=" ">
    <subfield code="a">16377719</subfield>
  </datafield>
  <datafield tag="035" ind1=" " ind2=" ">
    <subfield code="a">(OCoLC)390669726</subfield>
  </datafield>
  <datafield tag="040" ind1=" " ind2=" ">
    <subfield code="a">UKM</subfield>
    <subfield code="c">Foundation University</subfield>
  </datafield>
  <datafield tag="042" ind1=" " ind2=" ">
    <subfield code="a">ukblcatcopy</subfield>
    <subfield code="a">lccopycat</subfield>
  </datafield>
  <datafield tag="050" ind1="0" ind2="0">
    <subfield code="a">ND 196.A2</subfield>
    <subfield code="b">N53 2009</subfield>
  </datafield>
  <datafield tag="100" ind1="1" ind2=" ">
    <subfield code="a">Nickas, Robert.</subfield>
    <subfield code="9">15717</subfield>
  </datafield>
  <datafield tag="245" ind1="1" ind2="0">
    <subfield code="a">Painting abstraction :</subfield>
    <subfield code="b">new elements in abstract painting /</subfield>
    <subfield code="c">Bob Nickas.</subfield>
  </datafield>
  <datafield tag="260" ind1=" " ind2=" ">
    <subfield code="a">London :</subfield>
    <subfield code="b">Phaidon,</subfield>
    <subfield code="c">c2009.</subfield>
  </datafield>
  <datafield tag="264" ind1=" " ind2=" ">
    <subfield code="4">2009</subfield>
  </datafield>
  <datafield tag="300" ind1=" " ind2=" ">
    <subfield code="a">343 p. :</subfield>
    <subfield code="b">ill. (some col.) ;</subfield>
    <subfield code="c">29 cm.</subfield>
    <subfield code="3">books</subfield>
    <subfield code="f">books</subfield>
  </datafield>
  <datafield tag="336" ind1=" " ind2=" ">
    <subfield code="a">text</subfield>
    <subfield code="b">txt</subfield>
    <subfield code="2">rdacontent</subfield>
    <subfield code="3">books</subfield>
  </datafield>
  <datafield tag="337" ind1=" " ind2=" ">
    <subfield code="a">unmediated</subfield>
    <subfield code="b">n</subfield>
    <subfield code="2">rdamedia</subfield>
    <subfield code="3">books</subfield>
  </datafield>
  <datafield tag="338" ind1=" " ind2=" ">
    <subfield code="a">volume</subfield>
    <subfield code="b">nc</subfield>
    <subfield code="2">rdacarrier</subfield>
    <subfield code="3">books</subfield>
  </datafield>
  <datafield tag="504" ind1=" " ind2=" ">
    <subfield code="a">Includes bibliographical references and index.</subfield>
  </datafield>
  <datafield tag="505" ind1="0" ind2="0">
    <subfield code="t">Hybrid pictures</subfield>
    <subfield code="r">Kristin Baker, Lisa Beck, Alex Brown, Jules de Balincourt, Tomory Dodge, Jacob Feige, Chris Finley, Wayne Gonzales, Alex Hay, Carrie Moyer, Elizabeth Neel, David Ratcliff, Wilhelm Sasnal, Chris Vasell --</subfield>
    <subfield code="t">Rhythm and opticality</subfield>
    <subfield code="r">Karin Davie, Philippe Decrauzat, Xylor Jane, Alex Kwartler, David Malek, Anja Schw&#xF6;rer, James Siena, Esther Stocker, Philip Taaffe, John Tremblay, Dan Walsh, Chuck Webster --</subfield>
    <subfield code="t">Color and structure</subfield>
    <subfield code="r">Joanne Greenbaum, Mark Grotjahn, Mary Heilmann, Daniel Hesidence, Allison Miller, Odili Donald Odita, Ann Pibal, Bernd Ribbeck, Ruth Root, Alan Uglow, Stanley Whitney, Jens Wolf --</subfield>
    <subfield code="t">Found/eccentric abstraction</subfield>
    <subfield code="r">Richard Aldrich, John M. Armleder, Monika Baer, Francis Baudevin, Agnieszka Brzezanska, Mike Cloud, Daan van Golden, Chris Johanson, Tony Just, Marta Marc&#xE9;, Monique Prieto, Alexander Ross, Sterling Ruby, Amy Sillman --</subfield>
    <subfield code="t">Form, space, and scale</subfield>
    <subfield code="r">Tommy Abts, Varda Caivano, Kim Fisher, Katharina Grosse, Mamie Holst, Bill Komoski, Chris Martin, Julie Mehretu, Katy Moran, Olivier Mosset, Steven Parrino, Peter Peri, Thomas Scheibitz, Clare Woods --</subfield>
    <subfield code="t">The act of painting</subfield>
    <subfield code="r">Bernard Frize, Wade Guyton, Charline von Heyl, Jacqueline Humphries, Nathan Hylden, Jutta Koether, Michael Krebber, R. H. Quaytman, Anselm Reyle, Josh Smith, Rudolf Stingel, Kelley Walker, Christopher Wool, Heimo Zobernig.</subfield>
  </datafield>
  <datafield tag="648" ind1=" " ind2="7">
    <subfield code="a">Geschichte 2004-2008</subfield>
    <subfield code="2">swd</subfield>
    <subfield code="9">15718</subfield>
  </datafield>
  <datafield tag="650" ind1=" " ind2="0">
    <subfield code="a">Painting, Abstract.</subfield>
    <subfield code="9">15719</subfield>
  </datafield>
  <datafield tag="650" ind1="1" ind2="7">
    <subfield code="a">Schilderijen.</subfield>
    <subfield code="2">gtt</subfield>
    <subfield code="9">15720</subfield>
  </datafield>
  <datafield tag="650" ind1="1" ind2="7">
    <subfield code="a">Abstracte schilderkunst</subfield>
    <subfield code="2">gtt</subfield>
    <subfield code="9">15721</subfield>
  </datafield>
  <datafield tag="650" ind1="0" ind2="7">
    <subfield code="a">Abstrakte Malerei</subfield>
    <subfield code="2">swd</subfield>
    <subfield code="9">15722</subfield>
  </datafield>
  <datafield tag="906" ind1=" " ind2=" ">
    <subfield code="a">7</subfield>
    <subfield code="b">cbc</subfield>
    <subfield code="c">copycat</subfield>
    <subfield code="d">2</subfield>
    <subfield code="e">ncip</subfield>
    <subfield code="f">20</subfield>
    <subfield code="g">y-gencatlg</subfield>
  </datafield>
  <datafield tag="942" ind1=" " ind2=" ">
    <subfield code="2">lcc</subfield>
    <subfield code="c">BK</subfield>
    <subfield code="h">ND 196.A2 .</subfield>
    <subfield code="i">2009 N53</subfield>
    <subfield code="k">(DAFA-FA) </subfield>
  </datafield>
  <datafield tag="999" ind1=" " ind2=" ">
    <subfield code="c">5820</subfield>
    <subfield code="d">5820</subfield>
  </datafield>
  <datafield tag="952" ind1=" " ind2=" ">
    <subfield code="0">0</subfield>
    <subfield code="1">0</subfield>
    <subfield code="2">lcc</subfield>
    <subfield code="4">0</subfield>
    <subfield code="7">0</subfield>
    <subfield code="8">NFIC</subfield>
    <subfield code="a">FOUNDATION</subfield>
    <subfield code="b">FOUNDATION</subfield>
    <subfield code="c">MAIN-DAFA</subfield>
    <subfield code="d">2026-04-29</subfield>
    <subfield code="e">Donations</subfield>
    <subfield code="l">0</subfield>
    <subfield code="o">(DAFA-FA) ND 196.A2 .2009 N53</subfield>
    <subfield code="p">0192026003277</subfield>
    <subfield code="r">2026-04-29 16:01:01</subfield>
    <subfield code="w">2026-04-29</subfield>
    <subfield code="y">BK</subfield>
    <subfield code="k">DAFA-2026277</subfield>
  </datafield>
</record>
